[Event "Gelsenkirchen Silvester op 6th"]
[Site "Gelsenkirchen"]
[Date "2018.12.28"]
[Round "3"]
[White "Raabe, Stefan"]
[Black "Heimsoth, Sven Holger"]
[Result "1/2-1/2"]
[WhiteElo "1924"]
[BlackElo "2140"]
[PlyCount "36"]
[EventDate "2018.12.27"]
[EventType "swiss"]
[EventRounds "7"]
[EventCountry "GER"]
[SourceTitle "CBM 188 Extra"]
[Source "ChessBase"]
[SourceDate "2019.02.26"]
[SourceVersion "1"]
[SourceVersionDate "2019.02.26"]
[SourceQuality "1"]

1. e4 d6 2. d4 Nf6 3. Nc3 e5 4. dxe5 dxe5 5. Qxd8+ Kxd8 6. Nf3 Bd6 7. Bc4 Be6 8. Bxe6 fxe6 9. Bg5 Nbd7 10. 0-0-0 Ke7 11. a3 a6 12. Nd2 b5 13. f3 Rhb8 14. Ne2 h6 15. Be3 a5 16. g4 a4 17. c3 c5 18. h4 h5 1/2-1/2

[Event "Gelsenkirchen Silvester op 4th"]
[Site "Gelsenkirchen"]
[Date "2016.12.29"]
[Round "5"]
[White "Quast, Marcel"]
[Black "Heimsoth, Sven Holger"]
[Result "1-0"]
[WhiteElo "2220"]
[BlackElo "2157"]
[PlyCount "71"]
[EventDate "2016.12.27"]
[EventType "swiss"]
[EventRounds "5"]
[EventCountry "GER"]
[SourceTitle "EXT 2019"]
[Source "ChessBase"]
[SourceDate "2018.10.10"]
[SourceVersion "1"]
[SourceVersionDate "2018.10.10"]
[SourceQuality "1"]

1. e4 e6 2. d4 d5 3. Nd2 a6 4. Ngf3 c5 5. exd5 exd5 6. c3 Nc6 7. dxc5 Bxc5 8. Nb3 Bb6 9. h3 Nge7 10. Bd3 Bf5 11. 0-0 0-0 12. Bf4 Qd7 13. Re1 Rfe8 14. Qd2 Bxd3 15. Qxd3 Qf5 16. Qxf5 Nxf5 17. g4 Nfe7 18. Rad1 Rad8 19. Be3 Bxe3 20. Rxe3 b6 21. Nbd4 Nxd4 22. Rxd4 Rd6 23. Ne5 Red8 24. Red3 Re6 25. Nc4 Re1+ 26. Kg2 g5 27. Nxb6 Ng6 28. Nxd5 Kg7 29. b3 Nh4+ 30. Kh2 Rf1 31. Rd2 Rc1 32. Rd1 Nf3+ 33. Kg2 Nxd4 34. Rxc1 Ne2 35. Re1 Re8 36. Kf1 1-0

[Event "GER-chT Betriebe 16th"]
[Site "Dresden"]
[Date "2016.11.03"]
[Round "1.2"]
[White "Heimsoth, Sven Holger"]
[Black "Du Maire, Jerome"]
[Result "1-0"]
[WhiteElo "2157"]
[BlackElo "2170"]
[PlyCount "63"]
[EventDate "2016.11.03"]
[EventType "team-swiss"]
[EventRounds "7"]
[EventCountry "GER"]
[SourceTitle "EXT 2020"]
[Source "ChessBase"]
[SourceDate "2019.10.17"]
[SourceVersion "1"]
[SourceVersionDate "2019.10.17"]
[SourceQuality "1"]
[WhiteTeam "Herne Wanne Eickel EKJ"]
[BlackTeam "Frankfurt Commerzbank"]
[WhiteTeamCountry "GER"]
[BlackTeamCountry "GER"]

1. Nf3 d5 2. g3 Nf6 3. Bg2 e6 4. c4 Be7 5. b3 0-0 6. Bb2 c5 7. 0-0 Nc6 8. cxd5 Nxd5 9. d4 cxd4 10. Nxd4 Nxd4 11. Bxd4 b6 12. Nc3 Bb7 13. Nxd5 Bxd5 14. Bb2 Bxg2 15. Kxg2 Qc7 16. e3 Rfd8 17. Qf3 Rd5 18. Rac1 Qb7 19. Rc4 Rc8 20. Rfc1 Rxc4 21. Rxc4 Qd7 22. Rg4 Bf8 23. Bxg7 f5 24. Bh6+ Kh8 25. Rh4 Bxh6 26. Rxh6 Rd2 27. e4 Rd3 28. Qf4 Kg7 29. Qg5+ Kh8 30. Rf6 Qg7 31. Qh6 Rd8 32. Rxe6 1-0

[Event "Vellmar op 8th"]
[Site "Vellmar"]
[Date "2016.07.30"]
[Round "5"]
[White "Heimsoth, Sven Holger"]
[Black "Rafiee, Makan"]
[Result "0-1"]
[WhiteElo "2157"]
[BlackElo "2318"]
[PlyCount "52"]
[EventDate "2016.07.28"]
[EventType "swiss"]
[EventRounds "7"]
[EventCountry "GER"]
[SourceTitle "CBM 173 Extra"]
[Source "ChessBase"]
[SourceDate "2016.08.29"]
[SourceVersion "1"]
[SourceVersionDate "2016.08.29"]
[SourceQuality "1"]

1. Nf3 Nf6 2. g3 c5 3. c3 b6 4. d4 Bb7 5. Bg2 e6 6. 0-0 Be7 7. dxc5 bxc5 8. Qb3 Qc8 9. c4 0-0 10. Nc3 Rd8 11. Bf4 Nc6 12. Ne5 d6 13. Nxc6 Bxc6 14. e4 Rb8 15. Qc2 Qb7 16. b3 Ne8 17. Rfe1 Bf6 18. Rad1 a5 19. Rd3 Bd4 20. Bg5 Rd7 21. Bd2 f5 22. Kf1 Bxc3 23. Bxc3 fxe4 24. Rd2 d5 25. Bxa5 Nf6 26. cxd5 Qa6+ 0-1

[Event "Ruhrgebiet Regionalliga 1415"]
[Site "Germany"]
[Date "2015.04.12"]
[Round "8.2"]
[White "Sohlmann, Jan Henning"]
[Black "Heimsoth, Sven Holger"]
[Result "1/2-1/2"]
[WhiteElo "2169"]
[BlackElo "2041"]
[PlyCount "112"]
[EventDate "2014.09.28"]
[EventType "team-tourn"]
[EventRounds "9"]
[EventCountry "GER"]
[SourceTitle "EXT 2022"]
[Source "ChessBase"]
[SourceDate "2021.10.06"]
[SourceVersion "1"]
[SourceVersionDate "2021.10.06"]
[SourceQuality "1"]
[WhiteTeam "Welper SV"]
[BlackTeam "Muelheim Nord III"]
[WhiteTeamCountry "GER"]
[BlackTeamCountry "GER"]

1. e4 e6 2. d4 d5 3. Nc3 Nf6 4. e5 Nfd7 5. f4 c5 6. Nf3 Nc6 7. Be3 a6 8. Qd2 Be7 9. dxc5 Qa5 10. 0-0-0 Bxc5 11. Bxc5 Qxc5 12. h4 f6 13. exf6 Nxf6 14. Bd3 0-0 15. Rhe1 Bd7 16. Ne5 Nxe5 17. Rxe5 Ng4 18. Re2 b5 19. Rde1 b4 20. Nd1 a5 21. Kb1 Rab8 22. Nf2 Nxf2 23. Rxf2 a4 24. Qe3 Qc7 25. Qe5 Qc5 26. Qh5 h6 27. Rf3 Rf6 28. Qe5 Rc8 29. g4 Bb5 30. Qe2 Bxd3 31. Qxd3 Qc4 32. Ref1 Qxd3 33. Rxd3 Rc4 34. Rdf3 e5 35. fxe5 Rxf3 36. Rxf3 Rxg4 37. Kc1 Rxh4 38. Rd3 d4 39. a3 bxa3 40. Rxa3 Kf7 41. Rxa4 Ke6 42. Ra6+ Kxe5 43. Rg6 Rh1+ 44. Kd2 Rh2+ 45. Kd3 Rh3+ 46. Kc4 Rh2 47. c3 dxc3 48. bxc3 h5 49. Kc5 h4 50. Rxg7 h3 51. c4 Rg2 52. Rh7 h2 53. Rh4 Kf5 54. Kd5 Rd2+ 55. Kc6 Rd4 56. Rxh2 Rxc4+ 1/2-1/2

[Event "Ruhrgebiet Regionalliga 1415"]
[Site "Germany"]
[Date "2014.10.26"]
[Round "2.3"]
[White "Luft, Dennis"]
[Black "Heimsoth, Sven Holger"]
[Result "1-0"]
[WhiteElo "2135"]
[BlackElo "2041"]
[PlyCount "99"]
[EventDate "2014.09.28"]
[EventType "team-tourn"]
[EventRounds "9"]
[EventCountry "GER"]
[SourceTitle "EXT 2022"]
[Source "ChessBase"]
[SourceDate "2021.10.06"]
[SourceVersion "1"]
[SourceVersionDate "2021.10.06"]
[SourceQuality "1"]
[WhiteTeam "Brackel SF"]
[BlackTeam "Muelheim Nord III"]
[WhiteTeamCountry "GER"]
[BlackTeamCountry "GER"]

1. e4 e6 2. d4 d5 3. Nd2 dxe4 4. Nxe4 Nd7 5. g4 Ngf6 6. Nxf6+ Nxf6 7. g5 Nd5 8. Nf3 c6 9. c4 Nb6 10. Be3 Bb4+ 11. Bd2 Qe7 12. Bxb4 Qxb4+ 13. Qd2 Qxd2+ 14. Kxd2 0-0 15. Bd3 a5 16. a3 a4 17. Kc3 f6 18. Rae1 c5 19. dxc5 Nd7 20. Kb4 b6 21. cxb6 Nxb6 22. g6 hxg6 23. Nd4 Rd8 24. Kc3 Bb7 25. Rhg1 e5 26. Ne6 Rxd3+ 27. Kxd3 Ba6 28. Nc5 Bxc4+ 29. Kc2 Rc8 30. Ne4 Ba2+ 31. Nc3 Bb3+ 32. Kb1 Kf7 33. Rc1 Nc4 34. Ne4 Ke6 35. Ka1 f5 36. Nd2 Kf6 37. Nxb3 axb3 38. Rc3 Nd6 39. Rxc8 Nxc8 40. Rg3 f4 41. Rxb3 e4 42. Kb1 Nd6 43. Rb6 Ke5 44. Rxd6 Kxd6 45. Kc2 Kc5 46. a4 Kb4 47. b3 g5 48. h3 g6 49. Kd2 Kc5 50. Kc3 1-0

[Event "Ruhrgebiet VK1 1213"]
[Site "Nordrheinwestfalen"]
[Date "2013.02.24"]
[Round "7.1"]
[White "Heimsoth, Sven Holger"]
[Black "Henrichs, Wenke"]
[Result "1-0"]
[WhiteElo "2055"]
[BlackElo "2010"]
[PlyCount "51"]
[EventDate "2012.09.02"]
[EventType "team-tourn"]
[EventRounds "9"]
[EventCountry "GER"]
[SourceTitle "EXT 2020"]
[Source "ChessBase"]
[SourceDate "2019.10.17"]
[SourceVersion "1"]
[SourceVersionDate "2019.10.17"]
[SourceQuality "1"]
[WhiteTeam "Muelheim Nord IV"]
[BlackTeam "Wattenscheid SV IV"]
[WhiteTeamCountry "GER"]
[BlackTeamCountry "GER"]

1. Nf3 e6 2. g3 f5 3. Bg2 Nf6 4. 0-0 d5 5. d3 Bd6 6. c4 c6 7. Nbd2 0-0 8. Qc2 Nbd7 9. e4 f4 10. d4 e5 11. exd5 cxd5 12. cxd5 exd4 13. Nxd4 fxg3 14. hxg3 Re8 15. Ne6 Qe7 16. Nc4 Bb8 17. Be3 Ne5 18. Bc5 Qd7 19. Nxe5 Bxe5 20. Rfe1 Bb8 21. Rad1 Qf7 22. Ng5 Qh5 23. Rxe8+ Qxe8 24. Bd4 Be5 25. Re1 Ng4 26. Qxh7+ 1-0

[Event "Ruhrgebiet VK1 1213"]
[Site "Nordrheinwestfalen"]
[Date "2012.10.28"]
[Round "3.1"]
[White "Heimsoth, Sven Holger"]
[Black "Friedrich, Patrick"]
[Result "1/2-1/2"]
[WhiteElo "2055"]
[BlackElo "1902"]
[PlyCount "45"]
[EventDate "2012.09.02"]
[EventType "team-tourn"]
[EventRounds "9"]
[EventCountry "GER"]
[SourceTitle "EXT 2020"]
[Source "ChessBase"]
[SourceDate "2019.10.17"]
[SourceVersion "1"]
[SourceVersionDate "2019.10.17"]
[SourceQuality "1"]
[WhiteTeam "Muelheim Nord IV"]
[BlackTeam "Weisse Dame Borbeck II"]
[WhiteTeamCountry "GER"]
[BlackTeamCountry "GER"]

1. Nf3 c5 2. g3 Nc6 3. c4 g6 4. d4 cxd4 5. Nxd4 Bg7 6. Nxc6 bxc6 7. Bg2 Qa5+ 8. Nd2 Rb8 9. Qc2 Ba6 10. 0-0 Nh6 11. a3 Nf5 12. e3 d5 13. Rb1 0-0 14. b4 Qc7 15. Bb2 Bxb2 16. Rxb2 dxc4 17. Rc1 c5 18. Ne4 cxb4 19. axb4 Bb5 20. Ra2 Rfd8 21. Nc5 Rb6 22. Bf1 Qe5 23. Ra3 1/2-1/2

[Event "BEL-chT 1112"]
[Site "Belgium"]
[Date "2012.03.04"]
[Round "9.6"]
[White "Heimsoth, Sven Holger"]
[Black "Vanheirzeele, Daniel"]
[Result "1/2-1/2"]
[WhiteElo "2167"]
[BlackElo "2161"]
[PlyCount "30"]
[EventDate "2011.10.09"]
[EventType "team-tourn"]
[EventRounds "11"]
[EventCountry "BEL"]
[SourceTitle "EXT 2013"]
[Source "ChessBase"]
[SourceDate "2012.11.22"]
[SourceVersion "1"]
[SourceVersionDate "2012.11.22"]
[SourceQuality "1"]
[WhiteTeam "Eynatten"]
[BlackTeam "Gand"]
[WhiteTeamCountry "BEL"]
[BlackTeamCountry "BEL"]

1. Nf3 c5 2. c4 Nf6 3. g3 e6 4. Bg2 d5 5. cxd5 Nxd5 6. 0-0 Nc6 7. d4 Be7 8. dxc5 Bxc5 9. Qc2 Bb6 10. a3 0-0 11. Rd1 Qe7 12. e4 Nf6 13. Bg5 h6 14. Bxf6 Qxf6 15. Nc3 Nd4 1/2-1/2

[Event "Ruhrgebiet Verbandsliga1 1112"]
[Site "Nordrheinwestfalen"]
[Date "2012.02.12"]
[Round "6.8"]
[White "Heimsoth, Sven Holger"]
[Black "Altieri, Dennis"]
[Result "1-0"]
[WhiteElo "2135"]
[BlackElo "1515"]
[PlyCount "55"]
[EventDate "2012.09.18"]
[EventType "team-tourn"]
[EventRounds "9"]
[EventCountry "GER"]
[SourceTitle "EXT 2020"]
[Source "ChessBase"]
[SourceDate "2019.10.17"]
[SourceVersion "1"]
[SourceVersionDate "2019.10.17"]
[SourceQuality "1"]
[WhiteTeam "Muelheim Nord III"]
[BlackTeam "Buer SF"]
[WhiteTeamCountry "GER"]
[BlackTeamCountry "GER"]

1. Nf3 g6 2. e4 Bg7 3. d4 c5 4. dxc5 Qa5+ 5. c3 Qxc5 6. Be3 Qc7 7. Bd4 e5 8. Be3 Nf6 9. Na3 0-0 10. Nb5 Qd8 11. Bc5 Nc6 12. Bxf8 Kxf8 13. Nd6 Ne8 14. Bc4 Qf6 15. Nxe8 Kxe8 16. Qd2 g5 17. Nxg5 Bh6 18. h4 Nd8 19. 0-0-0 Ne6 20. Bxe6 Qxe6 21. Kb1 Qc4 22. Qd6 Bxg5 23. hxg5 Qxe4+ 24. Ka1 Kd8 25. Rhe1 Qxg2 26. Rxe5 Qxf2 27. Qe7+ Kc7 28. Rc5+ 1-0

[Event "Oberhausen op"]
[Site "Oberhausen"]
[Date "2011.04.25"]
[Round "6"]
[White "Naundorf, Maik"]
[Black "Heimsoth, Sven Holger"]
[Result "1/2-1/2"]
[WhiteElo "2131"]
[BlackElo "2178"]
[PlyCount "23"]
[EventDate "2011.04.21"]
[EventType "swiss"]
[EventRounds "7"]
[EventCountry "GER"]
[SourceTitle "CBM 142 Extra"]
[Source "ChessBase"]
[SourceDate "2011.06.27"]
[SourceVersion "1"]
[SourceVersionDate "2011.06.27"]
[SourceQuality "1"]

1. g3 d6 2. Bg2 e5 3. c4 g6 4. Nc3 Bg7 5. d3 Nc6 6. e4 Nge7 7. Nge2 0-0 8. 0-0 Be6 9. Nd5 Qd7 10. Be3 f5 11. Qd2 Rf7 12. f3 1/2-1/2

[Event "Oberliga NRW 0910"]
[Site "Germany"]
[Date "2010.01.31"]
[Round "6.6"]
[White "Vetter, Herbert"]
[Black "Heimsoth, Sven Holger"]
[Result "1/2-1/2"]
[WhiteElo "2246"]
[BlackElo "2159"]
[PlyCount "37"]
[EventDate "2009.09.20"]
[EventType "team-tourn"]
[EventRounds "9"]
[EventCountry "GER"]
[SourceTitle "EXT 2011"]
[Source "ChessBase"]
[SourceDate "2010.11.26"]
[SourceVersion "1"]
[SourceVersionDate "2010.11.26"]
[SourceQuality "1"]
[WhiteTeam "Monheim"]
[BlackTeam "Muelheim Nord II"]
[WhiteTeamCountry "GER"]
[BlackTeamCountry "GER"]

1. e4 g6 2. d4 Bg7 3. Nf3 d6 4. h3 Nf6 5. Bd3 0-0 6. 0-0 Nc6 7. c3 e5 8. d5 Ne7 9. c4 Ne8 10. Nc3 f5 11. Qe2 f4 12. Bd2 h6 13. b4 g5 14. Nh2 Nf6 15. Qd1 Bd7 16. Be2 Qc8 17. Ng4 Nh7 18. Nh2 Nf6 19. Ng4 1/2-1/2

[Event "Oberliga NRW 0910"]
[Site "Germany"]
[Date "2009.12.20"]
[Round "4.4"]
[White "Van Kampen, Robin"]
[Black "Heimsoth, Sven Holger"]
[Result "1-0"]
[WhiteElo "2475"]
[BlackElo "2159"]
[PlyCount "47"]
[EventDate "2009.09.20"]
[EventType "team-tourn"]
[EventRounds "9"]
[EventCountry "GER"]
[SourceTitle "EXT 2011"]
[Source "ChessBase"]
[SourceDate "2010.11.26"]
[SourceVersion "1"]
[SourceVersionDate "2010.11.26"]
[SourceQuality "1"]
[WhiteTeam "Bochum"]
[BlackTeam "Muelheim Nord II"]
[WhiteTeamCountry "GER"]
[BlackTeamCountry "GER"]

1. e4 b6 2. d4 Bb7 3. Bd3 e6 4. Nf3 d6 5. 0-0 Nd7 6. c4 g6 7. Nc3 Bg7 8. Bc2 Ne7 9. d5 e5 10. Be3 h6 11. Nd2 0-0 12. b4 c6 13. Nb3 cxd5 14. cxd5 a6 15. Bd3 f5 16. f3 fxe4 17. fxe4 Rxf1+ 18. Qxf1 Rc8 19. Rc1 Ra8 20. Qf2 Kh7 21. Na4 Rc8 22. Nxb6 Nxb6 23. Bxb6 Rxc1+ 24. Nxc1 1-0